00333nam a2200145Ia 45000030006000000080041000060400015000471000026000622450039000882500006001272600017001333000006001505460014001560050017001700STCL150530s9999 xx 000 0 und d aSTCLcSTCL aParameswaran Pilla,M. aPaschathya Hasya Sahitya Charitham a1 bAuthorc1973 a0 aMalayalam20220125171800.0